| 000 | 01032nam a22002657a 4500 | ||
|---|---|---|---|
| 999 |
_c6971 _d6971 |
||
| 003 | AR-CdUCM | ||
| 008 | 190319b ||||| |||| 00| 0 spa d | ||
| 020 | _a84-7146-090-4 | ||
| 040 |
_aMUNICIPALIDAD PROVINCIAL DEL CUSCO _cBIBLIOTECA MUNICIPAL DEL CUSCO |
||
| 041 | _hfre | ||
| 082 |
_a628.16 / _bG63 |
||
| 100 |
_aGomella, Cyril. _919652 |
||
| 245 | _aTratamiento de aguas para abastecimiento público / | ||
| 260 |
_aBarcelona : _bEditores técnicos asociados, _c1977. |
||
| 300 |
_a240 paginas ; _bIlustraciones, _c30 cm. |
||
| 500 | _aTitulo original : Le traitement des eaux de distribution | ||
| 505 | _aLas aguas naturales -- Sustancias contenidas en las aguas naturales -- Los indicadores de calidad -- El objetivo del tratamiento, las normas e calidad... | ||
| 650 |
_aTratamiento de Agua _919653 |
||
| 650 |
_aCalidad del agua _919654 |
||
| 650 |
_aProceso de tratamiento _919655 |
||
| 700 |
_aGuerree, H. _919656 |
||
| 700 |
_aCanto Janer, Joaquin (Traductor) _919657 |
||
| 942 |
_2ddc _cLIBROS |
||
| 945 | _awnts | ||